Catálogo
 En Linea

Sociología del lenguaje / (Registro nro. 24767)

Detalles MARC
000 -CABECERA
campo de control de longitud fija 00963nam a2200265 a 4500
001 - NÚMERO DE CONTROL
campo de control 000025274
005 - FECHA Y HORA DE LA ÚLTIMA TRANSACCIÓN
campo de control 20200930023656.0
008 - DATOS DE LONGITUD FIJA--INFORMACIÓN GENERAL
campo de control de longitud fija 110211s1979 sp ad r 000 0 spa d
020 ## - NÚMERO INTERNACIONAL ESTÁNDAR DEL LIBRO
Número Internacional Estándar del Libro 8437601878
040 ## - FUENTE DE LA CATALOGACIÓN
Centro catalogador/agencia de origen DO-SdBNP
Lengua de catalogación spa
Centro/agencia transcriptor BNPHU
082 ## - NÚMERO DE LA CLASIFICACIÓN DECIMAL DEWEY
Número de clasificación xxxxx
Número de documento/Ítem F537s
049 ## - FONDOS LOCALES (OCLC)
Fondos de biblioteca BNGR
100 1# - ENTRADA PRINCIPAL--NOMBRE DE PERSONA
Nombre de persona Fishman, Joshua
9 (RLIN) 51787
245 10 - MENCIÓN DE TÍTULO
Título Sociología del lenguaje /
Mención de responsabilidad, etc. Joshua Fishman ; introducción Ramón Sarmiento; traducción Juan Carlos Moreno ; epílogo Francisco Abad Nebot.
260 ## - PUBLICACIÓN, DISTRIBUCIÓN, ETC.
Lugar de publicación, distribución, etc. Madrid, España :
Nombre del editor, distribuidor, etc. Cátedra,
Fecha de publicación, distribución, etc. 1979.
300 ## - DESCRIPCIÓN FÍSICA
Extensión 265 p. :
Otras características físicas il., diagrs. ;
Dimensiones 21 cm.
490 1# - MENCIÓN DE SERIE
Mención de serie GGT
500 ## - NOTA GENERAL
Nota general Incluye referencias bibliográficas p. [247-265]
504 ## - NOTA DE BIBLIOGRAFÍA, ETC.
Nota de bibliografía, etc. Incluye referencias bibliográficas y notas al pie de las páginas.
534 ## - NOTA SOBRE LA VERSIÓN ORIGINAL
Encabezamiento principal del original Título original:
Mención de título del original The sociology of language.
700 1# - PUNTO DE ACCESO ADICIONAL--NOMBRE DE PERSONA
Nombre de persona Sarmiento, Ramón
9 (RLIN) 51788
700 1# - PUNTO DE ACCESO ADICIONAL--NOMBRE DE PERSONA
Nombre de persona Moreno, Juan Carlos,
Término indicativo de función/relación tr.
9 (RLIN) 51789
700 1# - PUNTO DE ACCESO ADICIONAL--NOMBRE DE PERSONA
Nombre de persona Abad Nebot, Francisco
9 (RLIN) 51790
830 #0 - PUNTO DE ACCESO ADICIONAL DE SERIE-TÍTULO UNIFORME
Título uniforme GGT
9 (RLIN) 51791
Existencias
Estado de retiro Estado de pérdida Restricciones de uso No para préstamo Código de colección Localización permanente Ubicación/localización actual Ubicación en estantería Fecha de adquisición Número de inventario Total de préstamos Signatura topográfica completa Código de barras Fecha visto por última vez Precio válido a partir de Tipo de ítem Koha
        Monografías: Libros y Folletos General General En catalogación 11.02.2011 LF1   xxxxx F537s 25274-10 25.06.2020 25.06.2020 Préstamo en sala

Con tecnología Koha